[Event "Kurgan op"]
[Site "Kurgan"]
[Date "2010.03.20"]
[Round "1"]
[White "Obodchuk, Andrei"]
[Black "Petrov, Victor"]
[Result "0-1"]
[WhiteElo "2403"]
[BlackElo "2117"]
[PlyCount "78"]
[EventDate "2010.03.20"]
[EventType "swiss"]
[EventRounds "9"]
[EventCountry "RUS"]
[SourceTitle "CBM 135 Extra"]
[Source "ChessBase"]
[SourceDate "2010.05.04"]
[SourceVersion "1"]
[SourceVersionDate "2010.05.04"]
[SourceQuality "1"]

1. Nf3 c5 2. c4 g6 3. d4 cxd4 4. Nxd4 Bg7 5. e4 Nc6 6. Be3 d6 7. Nc3 Nf6 8. Be2 0-0 9. 0-0 Bd7 10. Qd2 a6 11. f3 Qa5 12. a3 Rfc8 13. b4 Qd8 14. Rac1 Nxd4 15. Bxd4 Be6 16. Nd5 Bxd5 17. exd5 Nd7 18. Be3 Rc7 19. Rc2 a5 20. f4 axb4 21. axb4 b6 22. h4 Rca7 23. h5 Ra1 24. f5 Rxf1+ 25. Bxf1 gxf5 26. Qd3 Qe8 27. h6 Be5 28. Qxf5 e6 29. Qg4+ Kh8 30. Re2 f5 31. Qf3 Ra3 32. dxe6 Qxe6 33. Qc6 Nf6 34. Qb7 Ng4 35. Bxb6 Qxh6 36. Qc8+ Kg7 37. Qd7+ Kg6 38. Qe8+ Kg5 39. Bd8+ Kf4 0-1